000 01011nam a2200277Ia 4500
003 OSt
005 20221007123421.0
006 a|||||r|||| 00| 0
007 ta
008 221006b |||||||| |||| 00| 0 eng d
020 _a8120302621 (pbk)
_cRs.125.00
024 _a11197
037 _bMonika,
_cTextual
040 _aPAPL
_cPAPL
_beng
041 _2eng
_aeng
082 _aC:(B), L6
100 _aHarper Charlie
245 0 _aIntroduction to mathematical physics by Charlie Harper
260 _aNew
_bDelhi Prentice-Hall of India Pvt. Ltd.
_c1976
300 _axvi, 301p
_ccm.
500 _a (Reprinted in 2003); ; Bibliographical references 287-291p; Index 293-301p; ^n23/CSL/CARPA/2003-2004/974^d2003-11-06^mPurchase; ; 2003-04/510^b2003-11-24^c507^d2003-11-24^eRs.1,992.60^fMonika Book Distributors; ; 2003-01-19^bSB^c2003-01-19^dVinay
650 _a Mathematical
650 _aPhysics
942 _hC:(B), L6
_cTEXL
_2CC
999 _c1211840
_d1211840